Descripción historial de la provincia y archipiélago de Chiloé en el Reyno de Chile, y Obispado de la Concepción: dedicada a nuestro católico monarca Don Carlos IV

-д хадгалсан:
Номзүйн дэлгэрэнгүй
Үндсэн зохиолч: Agueros, Pedro González de (Зохиогч)
Формат: Ном
Хэл сонгох:испани
Хэвлэсэн: Madrid Imprenta de Benito Cano 1791
Хэвлэл:1a. ed
Нөхцлүүд:
Шошгууд: Шошго нэмэх
Шошго байхгүй, Энэхүү баримтыг шошголох эхний хүн болох!

MARC

LEADER 00000nam a2200000 a 4500
001 UCH2922
003 CL-VaPUC
008 090702e17910000sp |||||||||||||||||spa|d
082 0 4 |a 983  |b AGU  |2 21 
100 0 |a Agueros, Pedro González de  |e author  |9 537998 
245 1 0 |a Descripción historial de la provincia y archipiélago de Chiloé en el Reyno de Chile, y Obispado de la Concepción: dedicada a nuestro católico monarca Don Carlos IV 
250 |a 1a. ed 
300 |a 318 p 
942 |c BK 
945 |d 20090702 00:00:00  |a dcastane 
260 |a Madrid  |b Imprenta de Benito Cano  |c 1791 
650 0 |a Historia de Chile  |9 265473 
650 0 |a Fundación de ciudades  |9 396125 
650 0 |a Gobierno colonial  |9 353437 
650 0 |a Gobernadores  |9 323856 
650 0 |a Geografía  |9 259346 
650 0 |a Araucanos  |9 314060 
583 |a last modification  |c 20171018 12:53:05  |k Rodrigo Vera 
999 |c 334582  |d 334580 
952 |0 0  |1 0  |4 0  |6 983_000000000000000_AGU_1791  |7 0  |8 X  |9 423692  |a FDOBUD  |b FDOBUD  |d 2019-11-22  |i 4567692  |o 983 AGU 1791  |p 4567692  |r 2019-11-22  |w 2019-11-22  |y BK_X  |k BUD